Перспективы освоения арктического шельфа; Творчество юных - шаг в успешное будущее

Bibliografiske detaljer
Parent link:Творчество юных - шаг в успешное будущее.— 2016.— [С. 122-123]
Hovedforfatter: Мигранов Р. М.
Institution som forfatter: Национальный исследовательский Томский политехнический университет (ТПУ) Институт природных ресурсов (ИПР) Кафедра геологии и разведки полезных ископаемых (ГРПИ)
Andre forfattere: Ильина Г. Ф. Галина Фёдоровна (научный руководитель)
Summary:Заглавие с титульного экрана
Sprog:russisk
Udgivet: 2016
Serier:Природные ресурсы Арктики и их освоение
Fag:
Online adgang:http://earchive.tpu.ru/handle/11683/36834
Format: MixedMaterials Electronisk Book Chapter
KOHA link:https://koha.lib.tpu.ru/cgi-bin/koha/opac-detail.pl?biblionumber=621930

MARC

LEADER 00000naa2a2200000 4500
001 621930
005 20231101133203.0
035 |a (RuTPU)RU\TPU\conf\20578 
035 |a RU\TPU\conf\20577 
090 |a 621930 
100 |a 20170131d2016 k y0rusy50 ca 
101 0 |a rus 
102 |a RU 
105 |a y z 101zy 
135 |a drgn ---uucaa 
181 0 |a i  
182 0 |a b 
200 1 |a Перспективы освоения арктического шельфа  |f Р. М. Мигранов  |g науч. рук. Г. Ф. Ильина 
203 |a Текст  |c электронный 
225 1 |a Природные ресурсы Арктики и их освоение 
230 |a 1 компьютерный файл (pdf; 343 Kb) 
300 |a Заглавие с титульного экрана 
320 |a [Библиогр.: с. 122-123 (2 назв.)] 
463 1 |0 (RuTPU)RU\TPU\conf\20537  |t Творчество юных - шаг в успешное будущее  |o Арктика и её освоение  |o материалы IX Всероссийской научной молодежной конференции с международным участием с элементами научной школы имени профессора М.К. Коровина, г. Томск, 10-14 октября 2016 г.  |f Национальный исследовательский Томский политехнический университет (ТПУ) ; под ред. А. Ю. Дмитриева  |v [С. 122-123]  |d 2016 
610 1 |a труды учёных ТПУ 
610 1 |a электронные ресурсы 
610 1 |a Штокмановское месторождение 
610 1 |a арктический шельф 
610 1 |a минерально-сырьевые ресурсы 
610 1 |a континентальный шельф 
610 1 |a месторождения 
700 1 |a Мигранов  |b Р. М. 
702 1 |a Ильина  |b Г. Ф.  |c геолог  |c доцент Томского политехнического университета, кандидат геолого-минералогических наук  |f 1958-  |g Галина Фёдоровна  |2 stltpush  |4 727 
712 0 2 |a Национальный исследовательский Томский политехнический университет (ТПУ)  |b Институт природных ресурсов (ИПР)  |b Кафедра геологии и разведки полезных ископаемых (ГРПИ)  |h 2181  |2 stltpush  |3 (RuTPU)RU\TPU\col\18660 
801 2 |a RU  |b 63413507  |c 20170210  |g RCR 
856 4 |u http://earchive.tpu.ru/handle/11683/36834 
942 |c BK